Paper, its making, merchanting, and usage

Bewaard in:
Bibliografische gegevens
Hoofdauteur: Gilmour, S. Carter
Formaat: Boek
Taal:Undetermined
Gepubliceerd in: London National Association of Paper Merchants 1955
Onderwerpen:
Tags: Voeg label toe
Geen labels, Wees de eerste die dit record labelt!
Thư viện lưu trữ: Trung tâm Học liệu Trường Đại học Cần Thơ
LEADER 00515nam a2200181Ia 4500
001 CTU_85483
008 210402s9999 xx 000 0 und d
082 |a 676.2 
082 |b G488 
100 |a Gilmour, S. Carter 
245 0 |a Paper, its making, merchanting, and usage 
245 0 |c S. Carter Gilmour 
260 |a London 
260 |b National Association of Paper Merchants 
260 |c 1955 
650 |a Paper making and trade 
904 |i Năm 
980 |a Trung tâm Học liệu Trường Đại học Cần Thơ